R( on the application of Medway Council and others) v SoS Transport , Local Government and the Regions) (Record no. 71713)

MARC details
000 -LEADER
fixed length control field 01379cam a2200241 4500
001 - CONTROL NUMBER
control field WB3845-21
008 - FIXED-LENGTH DATA ELEMENTS--GENERAL INFORMATION
fixed length control field 021205n2002 000 0 eng u
035 ## - SYSTEM CONTROL NUMBER
System control number (Sirsi) u120678
245 ## - TITLE STATEMENT
Title R( on the application of Medway Council and others) v SoS Transport , Local Government and the Regions)
260 ## - PUBLICATION, DISTRIBUTION, ETC.
Date of publication, distribution, etc. 2002
490 ## - SERIES STATEMENT
Series statement Estates Gazette
Volume/sequential designation [2002] 49 122 (CS)
520 ## - SUMMARY, ETC.
Summary, etc. QBD 26 November 2002. An application for a judicial review of a decision by SoS Transport to exclude Gatwick Airport from a consultation document "Future development of air transport in the United Kingdom: South East" was allowed on the grounds that its exclusion was irrational, "Wednesbury" unreasonable, and failed to take material conservation obligations into consideration with regard to one of the alternative sites considered. Full judgment available on the Bailii website www.bailii.org/ew/cases/EWHC/Admin/2002/2516.html Consultation paper available on www.aviation.dft.gov.uk/consult/airconsult/index.htm
590 ## - LOCAL NOTE (RLIN)
Local note WB
650 ## - SUBJECT ADDED ENTRY--TOPICAL TERM
Topical term or geographic name entry element R V SOS TRANSPORT EX P MEDWAY
650 ## - SUBJECT ADDED ENTRY--TOPICAL TERM
Topical term or geographic name entry element GATWICK AIRPORT
650 ## - SUBJECT ADDED ENTRY--TOPICAL TERM
Topical term or geographic name entry element AIRPORT EXPANSION
650 ## - SUBJECT ADDED ENTRY--TOPICAL TERM
Topical term or geographic name entry element RUNWAYS
650 ## - SUBJECT ADDED ENTRY--TOPICAL TERM
Topical term or geographic name entry element WEDNESBURY PRINCIPLES
650 ## - SUBJECT ADDED ENTRY--TOPICAL TERM
Topical term or geographic name entry element JUDICIAL REVIEW
690 ## - LOCAL SUBJECT ADDED ENTRY--TOPICAL TERM (OCLC, RLIN)
Topical term or geographic name as entry element Planning and development
9 (RLIN) 6259
856 ## - ELECTRONIC LOCATION AND ACCESS
Uniform Resource Identifier <a href="www.bailii.org/ew/cases/EWHC/Admin/2002/2516.html">www.bailii.org/ew/cases/EWHC/Admin/2002/2516.html</a>
Processor of request View judgment on Bailii website
942 ## - ADDED ENTRY ELEMENTS (KOHA)
Suppress in OPAC 0
Holdings
Withdrawn status Lost status Source of classification or shelving scheme Damaged status Not for loan Home library Current library Shelving location Date acquired Total Checkouts Full call number Barcode Date last seen Copy number Price effective from Koha item type
    Dewey Decimal Classification     London London News article 05/12/2002   WB3845-21 120678-1001 06/08/2019 1 06/08/2019 Law report